[Event "Monarch Assurance Isle of Man 12th"]
[Site "Port Erin IOM"]
[Date "2003.09.29"]
[Round "3.23"]
[White "Maze, Sebastien"]
[Black "Walton, Alan J"]
[Result "1-0"]
[WhiteElo "2412"]
[BlackElo "2158"]
[PlyCount "65"]
[EventDate "2003.09.27"]
[EventType "swiss"]
[EventRounds "9"]
[EventCountry "IOM"]
[SourceTitle "BritBase"]
[SourceDate "2008.07.14"]
[SourceVersion "1"]
[SourceVersionDate "2008.07.14"]
[SourceQuality "2"]

1. e4 e6 2. d3 d5 3. Nd2 Nf6 4. Ngf3 Nc6 5. g3 dxe4 6. dxe4 e5 7. Bg2 Bc5 8.
O-O O-O 9. c3 a5 10. Qc2 b6 11. Nb3 Bd6 12. a4 Bb7 13. h3 Rb8 14. Re1 Qe7 15.
Nh4 g6 16. Bg5 Qe6 17. f4 exf4 18. e5 Nd5 19. exd6 Ne3 20. Rxe3 Qxe3+ 21. Qf2
Qxf2+ 22. Kxf2 fxg3+ 23. Kxg3 cxd6 24. Bxc6 Bxc6 25. Nd4 f6 26. Bf4 g5 27. Nxc6
gxh4+ 28. Kf3 Rbe8 29. Nd4 Re5 30. Nb5 Rd5 31. Ke4 Re5+ 32. Bxe5 dxe5 33. Rd1
1-0

[Event "Monarch Assurance Isle of Man 12th"]
[Site "Port Erin IOM"]
[Date "2003.09.29"]
[Round "3.24"]
[White "Spence, David J"]
[Black "Prasad, Devaki V"]
[Result "0-1"]
[WhiteElo "2187"]
[BlackElo "2407"]
[PlyCount "66"]
[EventDate "2003.09.27"]
[EventType "swiss"]
[EventRounds "9"]
[EventCountry "IOM"]
[SourceTitle "BritBase"]
[SourceDate "2008.07.14"]
[SourceVersion "1"]
[SourceVersionDate "2008.07.14"]
[SourceQuality "2"]

1. e4 c5 2. c3 Nf6 3. e5 Nd5 4. d4 cxd4 5. Nf3 e6 6. cxd4 d6 7. a3 Bd7 8. Bd3
Bc6 9. O-O Nd7 10. b4 a6 11. Re1 Be7 12. Nbd2 dxe5 13. dxe5 N7b6 14. Ne4 h6 15.
Bb2 Nf4 16. Bf1 Qxd1 17. Raxd1 O-O 18. Bd4 Na4 19. g3 Nd5 20. Nfd2 a5 21. Bc5
Nxc5 22. bxc5 b6 23. Rc1 Rfb8 24. Nb3 Ba4 25. Nd4 bxc5 26. Nxc5 Be8 27. Rc4 Nb6
28. Rc2 Rd8 29. Nf3 Rac8 30. Rec1 Rd5 31. Nb3 Rxc2 32. Rxc2 Bxa3 33. Nbd4 Bc5
0-1

[Event "Monarch Assurance Isle of Man 12th"]
[Site "Port Erin IOM"]
[Date "2003.09.29"]
[Round "3.26"]
[White "Bae, Torstein"]
[Black "Porat, Ido"]
[Result "1/2-1/2"]
[WhiteElo "2366"]
[BlackElo "2147"]
[PlyCount "79"]
[EventDate "2003.09.27"]
[EventType "swiss"]
[EventRounds "9"]
[EventCountry "IOM"]
[SourceTitle "BritBase"]
[SourceDate "2008.07.14"]
[SourceVersion "1"]
[SourceVersionDate "2008.07.14"]
[SourceQuality "2"]

1. e4 e5 2. Nf3 Nf6 3. Nc3 Nc6 4. a3 d5 5. exd5 Nxd5 6. Bb5 Nxc3 7. bxc3 Bd6 8.
d4 exd4 9. cxd4 O-O 10. O-O Bg4 11. c3 Qf6 12. h3 Bxf3 13. Qxf3 Qxf3 14. gxf3
Ne7 15. c4 Nf5 16. Be3 Nh4 17. f4 c6 18. Ba4 f5 19. Rfb1 Rab8 20. Rb2 g5 21. c5
gxf4 22. cxd6 fxe3 23. fxe3 Rfd8 24. d7 Rxd7 25. Bxc6 Re7 26. Kf2 Kf7 27. a4
Kf6 28. Rab1 b6 29. a5 Re6 30. axb6 Rxc6 31. bxa7 Ra8 32. Rb6 Rxb6 33. Rxb6+
Kg5 34. Rb7 f4 35. Rxh7 fxe3+ 36. Kxe3 Nf5+ 37. Ke4 Nd6+ 38. Ke5 Nb5 39. Rb7
Nxa7 40. d5 1/2-1/2

[Event "Monarch Assurance Isle of Man 12th"]
[Site "Port Erin IOM"]
[Date "2003.09.29"]
[Round "3.27"]
[White "May, F WLS."]
[Black "Aagaard, Jacob"]
[Result "0-1"]
[WhiteElo "2153"]
[BlackElo "2360"]
[PlyCount "48"]
[EventDate "2003.09.27"]
[EventType "swiss"]
[EventRounds "9"]
[EventCountry "IOM"]
[SourceTitle "BritBase"]
[SourceDate "2008.07.14"]
[SourceVersion "1"]
[SourceVersionDate "2008.07.14"]
[SourceQuality "2"]

1. Nf3 d5 2. d4 e6 3. c4 Nf6 4. Nc3 c6 5. cxd5 exd5 6. Bg5 h6 7. Bh4 Bf5 8. e3
Nbd7 9. Bd3 Bxd3 10. Qxd3 Be7 11. O-O O-O 12. Bxf6 Nxf6 13. Ne5 c5 14. dxc5
Bxc5 15. Rad1 Qe7 16. Nf3 Rfd8 17. Ne2 Rac8 18. Rc1 Bb6 19. Rxc8 Rxc8 20. Nc3
Qc5 21. h3 Ba5 22. Rc1 Ne4 23. Ne2 Qxc1+ 24. Nxc1 Rxc1+ 0-1

[Event "Monarch Assurance Isle of Man 12th"]
[Site "Port Erin IOM"]
[Date "2003.09.29"]
[Round "3.28"]
[White "Cooper, Lawrence"]
[Black "Van Kemenade, Rudy"]
[Result "1-0"]
[WhiteElo "2335"]
[BlackElo "2140"]
[PlyCount "66"]
[EventDate "2003.09.27"]
[EventType "swiss"]
[EventRounds "9"]
[EventCountry "IOM"]
[SourceTitle "BritBase"]
[SourceDate "2008.07.14"]
[SourceVersion "1"]
[SourceVersionDate "2008.07.14"]
[SourceQuality "2"]

1. e4 e5 2. Nc3 Nc6 3. g3 h5 4. h3 Bc5 5. d3 h4 6. g4 Qf6 7. Nf3 Nd4 8. Nxd4
Bxd4 9. Qe2 c6 10. g5 Qe6 11. f4 exf4 12. Bxf4 Ne7 13. Be3 Nf5 14. Bxd4 Nxd4
15. Qf2 Qe5 16. g6 fxg6 17. O-O-O Qf6 18. Qe3 d6 19. Be2 Be6 20. Rdf1 Qe5 21.
Rhg1 Nf5 22. Qg5 Ng3 23. Qxg6+ Kd7 24. Bg4 Rae8 25. Rf7+ Kc8 26. d4 Qxd4 27.
Bxe6+ Kb8 28. Rd1 Qe3+ 29. Kb1 Ne2 30. Nxe2 Qxe2 31. Bg4 Qxe4 32. Qxd6+ Ka8 33.
Qc7 Qb4 1-0

[Event "Monarch Assurance Isle of Man 12th"]
[Site "Port Erin IOM"]
[Date "2003.09.29"]
[Round "3.29"]
[White "Dannevig, Oystein"]
[Black "Braunlich, Tom"]
[Result "1-0"]
[WhiteElo "2331"]
[BlackElo "2135"]
[PlyCount "81"]
[EventDate "2003.09.27"]
[EventType "swiss"]
[EventRounds "9"]
[EventCountry "IOM"]
[SourceTitle "BritBase"]
[SourceDate "2008.07.14"]
[SourceVersion "1"]
[SourceVersionDate "2008.07.14"]
[SourceQuality "2"]

1. e4 c5 2. Nf3 Nc6 3. Bb5 e6 4. O-O Nge7 5. c4 a6 6. Ba4 Qb6 7. Nc3 g6 8. a3
Bg7 9. b4 O-O 10. Rb1 Nd4 11. Nxd4 cxd4 12. Ne2 d5 13. exd5 exd5 14. c5 Qc7 15.
d3 Be5 16. h3 h5 17. Bh6 Rd8 18. Bg5 f6 19. Bc1 g5 20. f4 gxf4 21. Nxf4 Nf5 22.
Qxh5 Ng3 23. Qg6+ Qg7 24. Qxg7+ Kxg7 25. Rf2 Nf5 26. Rf3 Ne3 27. Kf2 Bd7 28.
Bxd7 Bxf4 29. Rxf4 Nd1+ 30. Kf1 Nc3 31. Ra1 Rxd7 32. Rxd4 Re8 33. Bd2 Ne2 34.
Rg4+ Kf7 35. Re1 Rde7 36. Kf2 f5 37. Rh4 Kg6 38. c6 bxc6 39. Rh6+ Kg7 40. Rxc6
d4 41. Bg5 1-0

[Event "Monarch Assurance Isle of Man 12th"]
[Site "Port Erin IOM"]
[Date "2003.09.29"]
[Round "3.30"]
[White "Horton, E Justin"]
[Black "Menacher, Manfred"]
[Result "0-1"]
[WhiteElo "2120"]
[BlackElo "2327"]
[PlyCount "44"]
[EventDate "2003.09.27"]
[EventType "swiss"]
[EventRounds "9"]
[EventCountry "IOM"]
[SourceTitle "BritBase"]
[SourceDate "2008.07.14"]
[SourceVersion "1"]
[SourceVersionDate "2008.07.14"]
[SourceQuality "2"]

1. d4 Nf6 2. Nf3 e6 3. c4 b6 4. g3 Ba6 5. Nbd2 Be7 6. Bg2 O-O 7. O-O Bb7 8. Re1
c5 9. e4 cxd4 10. Nxd4 Qc8 11. Qe2 d6 12. b3 Nc6 13. Bb2 a6 14. N2f3 Nxd4 15.
Nxd4 Qc7 16. Rac1 Rac8 17. f4 Qb8 18. Kh1 Qa8 19. g4 Rfe8 20. g5 Nd7 21. Qg4
Nc5 22. f5 Nd3 0-1

[Event "Monarch Assurance Isle of Man 12th"]
[Site "Port Erin IOM"]
[Date "2003.09.29"]
[Round "3.31"]
[White "Molander, Riku"]
[Black "Coathup, Roger"]
[Result "1-0"]
[WhiteElo "2324"]
[BlackElo "2134"]
[PlyCount "33"]
[EventDate "2003.09.27"]
[EventType "swiss"]
[EventRounds "9"]
[EventCountry "IOM"]
[SourceTitle "BritBase"]
[SourceDate "2008.07.14"]
[SourceVersion "1"]
[SourceVersionDate "2008.07.14"]
[SourceQuality "2"]

1. e4 c5 2. Nf3 e6 3. c3 Nf6 4. e5 Nd5 5. d4 cxd4 6. cxd4 b6 7. Bc4 Bb7 8. O-O
d6 9. Qe2 Be7 10. Bxd5 Bxd5 11. Nc3 Bxf3 12. Qxf3 d5 13. Qg3 g6 14. Bh6 Nc6 15.
Nb5 Qd7 16. Rac1 O-O-O 17. Rxc6+ 1-0

[Event "Monarch Assurance Isle of Man 12th"]
[Site "Port Erin IOM"]
[Date "2003.09.29"]
[Round "3.32"]
[White "Goodger, Martyn"]
[Black "Kiseleva, Natalia"]
[Result "0-1"]
[WhiteElo "2114"]
[BlackElo "2322"]
[PlyCount "56"]
[EventDate "2003.09.27"]
[EventType "swiss"]
[EventRounds "9"]
[EventCountry "IOM"]
[SourceTitle "BritBase"]
[SourceDate "2008.07.14"]
[SourceVersion "1"]
[SourceVersionDate "2008.07.14"]
[SourceQuality "2"]

1. e4 e6 2. d4 d5 3. Nc3 Nf6 4. Bg5 Bb4 5. e5 h6 6. Bd2 Bxc3 7. bxc3 Ne4 8. Qg4
g6 9. h4 c5 10. Bd3 Nxd2 11. Kxd2 Nc6 12. Nf3 Qa5 13. Qf4 b6 14. Qf6 Rf8 15. h5
gxh5 16. Qf4 Ba6 17. a4 Rc8 18. Rhb1 Bxd3 19. cxd3 cxd4 20. Nxd4 Nxd4 21. Qxd4
Rg8 22. Rb5 Qa6 23. c4 dxc4 24. Qe4 cxd3 25. Kxd3 Rg4 26. f4 Rd8+ 27. Ke3 Qc8
28. Rb3 Rg3+ 0-1

[Event "Monarch Assurance Isle of Man 12th"]
[Site "Port Erin IOM"]
[Date "2003.09.29"]
[Round "3.33"]
[White "Fossum, Oystein Boyum"]
[Black "Ryan, Joseph"]
[Result "0-1"]
[WhiteElo "2090"]
[BlackElo "2291"]
[PlyCount "58"]
[EventDate "2003.09.27"]
[EventType "swiss"]
[EventRounds "9"]
[EventCountry "IOM"]
[SourceTitle "BritBase"]
[SourceDate "2008.07.14"]
[SourceVersion "1"]
[SourceVersionDate "2008.07.14"]
[SourceQuality "2"]

1. e4 e6 2. d4 d5 3. e5 c5 4. c3 Nc6 5. Nf3 Bd7 6. a3 c4 7. g3 Na5 8. Nbd2 Bc6
9. Nh4 Qd7 10. Ng2 Ba4 11. Qe2 Bc2 12. f4 Bd3 13. Qf2 Bxf1 14. Rxf1 f5 15. exf6
Nxf6 16. Qe2 O-O-O 17. g4 g6 18. Kf2 Bd6 19. Kg1 Rhf8 20. Rb1 Rde8 21. h3 Qc7
22. Rf3 Kb8 23. Re3 Bxf4 24. Rxe6 Bh2+ 25. Kh1 Rxe6 26. Qxe6 Ne4 27. Ne3 Nf2+
28. Kg2 Qg3+ 29. Kf1 Nxg4+ 0-1

[Event "Monarch Assurance Isle of Man 12th"]
[Site "Port Erin IOM"]
[Date "2003.09.29"]
[Round "3.34"]
[White "Thompson, Ian D"]
[Black "Fairbairn, Stephen"]
[Result "1/2-1/2"]
[WhiteElo "2290"]
[BlackElo "2096"]
[PlyCount "185"]
[EventDate "2003.09.27"]
[EventType "swiss"]
[EventRounds "9"]
[EventCountry "IOM"]
[SourceTitle "BritBase"]
[SourceDate "2008.07.14"]
[SourceVersion "1"]
[SourceVersionDate "2008.07.14"]
[SourceQuality "2"]

1. c4 e5 2. g3 c6 3. d4 e4 4. Nc3 d5 5. Bg2 Nf6 6. cxd5 cxd5 7. f3 exf3 8. Nxf3
Be7 9. O-O O-O 10. Ne5 Nc6 11. Bf4 Be6 12. Nxc6 bxc6 13. Rc1 c5 14. e3 Rc8 15.
dxc5 Rxc5 16. Be5 Rc8 17. Bd4 Qd7 18. Qe2 Ne4 19. Nxe4 Rxc1 20. Rxc1 dxe4 21.
Bxe4 Bxa2 22. Qa6 Bd5 23. Bxd5 Qxd5 24. Qxa7 Bf6 25. Bxf6 gxf6 26. Qd4 Qe6 27.
Rc4 f5 28. Rc5 Re8 29. Kf2 f6 30. Qc4 Qxc4 31. Rxc4 Rb8 32. b4 Kf7 33. Kf3 Ke6
34. Rc6+ Ke7 35. Rc7+ Ke6 36. Rxh7 Rxb4 37. Ra7 Rb2 38. h4 Rh2 39. Ra1 Kf7 40.
Ra5 Kg6 41. Rb5 Rc2 42. Rd5 Rh2 43. Rd1 Kh5 44. Rf1 Kg6 45. Kf4 Rh3 46. Kf3 Rh2
47. Rf2 Rh1 48. Kg2 Re1 49. Rf3 Re2+ 50. Kh3 Re1 51. Kg2 Re2+ 52. Kf1 Rh2 53.
Rf2 Rh1+ 54. Ke2 Rg1 55. Kf3 Rh1 56. Kf4 Rh3 57. e4 fxe4 58. Re2 Rh1 59. Kxe4
Rf1 60. Ke3 Ra1 61. Kf4 Ra4+ 62. Re4 Ra1 63. Rb4 Rf1+ 64. Kg4 f5+ 65. Kh3 Rf2
66. Rb6+ Kg7 67. h5 Rf1 68. Kh4 Rg1 69. h6+ Kh7 70. Rf6 Rh1+ 71. Kg5 Rg1 72.
Rf7+ Kh8 73. Kf4 Rf1+ 74. Ke3 Rh1 75. Rf6 Kh7 76. Kf4 Rf1+ 77. Kg5 Rg1 78. Rf7+
Kh8 79. Kf4 Rf1+ 80. Ke5 Rg1 81. Rg7 f4 82. gxf4 Re1+ 83. Kf5 Re5+ 84. Kg4 Re6
85. Rg5 Rxh6 86. Rh5 Rxh5 87. Kxh5 Kh7 88. Kg5 Kg7 89. f5 Kf7 90. f6 Kf8 91.
Kg6 Kg8 92. f7+ Kf8 93. Kf6 1/2-1/2

[Event "Monarch Assurance Isle of Man 12th"]
[Site "Port Erin IOM"]
[Date "2003.09.29"]
[Round "3.35"]
[White "Grant, Alan"]
[Black "Gruettner, Ralf"]
[Result "1-0"]
[WhiteElo "2270"]
[BlackElo "2073"]
[PlyCount "51"]
[EventDate "2003.09.27"]
[EventType "swiss"]
[EventRounds "9"]
[EventCountry "IOM"]
[SourceTitle "BritBase"]
[SourceDate "2008.07.14"]
[SourceVersion "1"]
[SourceVersionDate "2008.07.14"]
[SourceQuality "2"]

1. c4 Nf6 2. g3 g6 3. Bg2 Bg7 4. Nc3 O-O 5. d3 e5 6. e4 Nc6 7. Nge2 d6 8. O-O
Nh5 9. Nd5 Ne7 10. Bg5 f6 11. Be3 c6 12. Nxe7+ Qxe7 13. Qd2 Be6 14. Rac1 f5 15.
exf5 gxf5 16. f4 Rae8 17. Rfe1 Qf7 18. b3 Qg6 19. d4 Bc8 20. dxe5 dxe5 21. Bxa7
Rd8 22. Qc2 exf4 23. Nxf4 Nxf4 24. gxf4 Qh6 25. Qf2 Bc3 26. Rxc3 1-0

[Event "Monarch Assurance Isle of Man 12th"]
[Site "Port Erin IOM"]
[Date "2003.09.29"]
[Round "3.36"]
[White "Bjarnason, Oskar"]
[Black "Tagnon, Nicole"]
[Result "1-0"]
[WhiteElo "2261"]
[BlackElo "2071"]
[PlyCount "81"]
[EventDate "2003.09.27"]
[EventType "swiss"]
[EventRounds "9"]
[EventCountry "IOM"]
[SourceTitle "BritBase"]
[SourceDate "2008.07.14"]
[SourceVersion "1"]
[SourceVersionDate "2008.07.14"]
[SourceQuality "2"]

1. f4 e5 2. fxe5 d6 3. exd6 Bxd6 4. Nf3 Nc6 5. d4 Bg4 6. e3 a6 7. Nbd2 Qe7 8.
Nc4 O-O-O 9. Qe2 Bxf3 10. gxf3 Nf6 11. Bd2 Rhe8 12. c3 Nh5 13. O-O-O Qh4 14.
Nxd6+ Rxd6 15. e4 Nf4 16. Qe1 Qxe1 17. Rxe1 g5 18. Bxf4 gxf4 19. Bh3+ Kd8 20.
Reg1 Rh6 21. Bf1 Ke7 22. Rg4 Rg6 23. Rxf4 Reg8 24. Kd2 Nd8 25. Rh4 Ne6 26. Ke3
R8g7 27. b4 c6 28. Bh3 Rg1 29. Rxg1 Rxg1 30. Bxe6 Kxe6 31. Rxh7 Ra1 32. Rh6+
Ke7 33. Rh8 Rxa2 34. Rb8 b5 35. Rb7+ Ke6 36. Rb6 Kd7 37. Rb7+ Ke6 38. Ra7 Rxh2
39. Rxa6 Kd7 40. Ra7+ Ke6 41. Rc7 1-0

[Event "Monarch Assurance Isle of Man 12th"]
[Site "Port Erin IOM"]
[Date "2003.09.29"]
[Round "3.37"]
[White "Shepherd, Michael"]
[Black "Hutchinson, Paul A"]
[Result "0-1"]
[WhiteElo "2037"]
[BlackElo "2255"]
[PlyCount "118"]
[EventDate "2003.09.27"]
[EventType "swiss"]
[EventRounds "9"]
[EventCountry "IOM"]
[SourceTitle "BritBase"]
[SourceDate "2008.07.14"]
[SourceVersion "1"]
[SourceVersionDate "2008.07.14"]
[SourceQuality "2"]

1. d4 d5 2. c4 c6 3. Nf3 Nf6 4. Qc2 e6 5. Bg5 Be7 6. e3 Nbd7 7. Bd3 h6 8. Bh4
O-O 9. Nbd2 Re8 10. O-O c5 11. cxd5 Nxd5 12. Bxe7 Qxe7 13. a3 a6 14. Rac1 b6
15. Ne4 cxd4 16. Nxd4 Bb7 17. Nc6 Qf8 18. Qe2 f5 19. Nd2 Qd6 20. Nd4 b5 21.
N2f3 g6 22. Bb1 N7f6 23. Rfd1 Rac8 24. Nb3 Rxc1 25. Rxc1 Nd7 26. Qd2 Ne5 27.
Nxe5 Qxe5 28. Nc5 Bc8 29. e4 Qf4 30. Qxf4 Nxf4 31. Re1 Kf8 32. g3 Nh3+ 33. Kg2
Ng5 34. h4 Nxe4 35. Nxe4 Bb7 36. Rd1 fxe4 37. Kf1 Ke7 38. Ke2 Rf8 39. Rc1 Kd6
40. Rd1+ Kc7 41. Ba2 Rf6 42. Rd2 g5 43. hxg5 hxg5 44. Rd1 e5 45. Rc1+ Kb6 46.
Bb1 Rf3 47. Ba2 e3 48. fxe3 Rxg3 49. Rf1 b4 50. Rf6+ Kb5 51. axb4 g4 52. Kd3
Bf3 53. Kc3 Be2 54. Be6 Rxe3+ 55. Kd2 Rf3 56. Bd7+ Kxb4 57. Rg6 Bc4 58. Rb6+
Ka5 59. Rb8 Rd3+ 0-1

[Event "Monarch Assurance Isle of Man 12th"]
[Site "Port Erin IOM"]
[Date "2003.09.29"]
[Round "3.38"]
[White "Radovanovic, Jovica"]
[Black "McPhillips, Karl"]
[Result "1-0"]
[WhiteElo "2239"]
[BlackElo "1918"]
[PlyCount "119"]
[EventDate "2003.09.27"]
[EventType "swiss"]
[EventRounds "9"]
[EventCountry "IOM"]
[SourceTitle "BritBase"]
[SourceDate "2008.07.14"]
[SourceVersion "1"]
[SourceVersionDate "2008.07.14"]
[SourceQuality "2"]

1. e4 c5 2. Nf3 Nc6 3. Nc3 g6 4. Bb5 Bg7 5. Bxc6 bxc6 6. O-O Nf6 7. d3 O-O 8.
h3 d6 9. Nh2 Rb8 10. f4 Nd7 11. f5 c4 12. Ng4 Kh8 13. Nh6 Qe8 14. d4 c5 15. d5
Ne5 16. Qe1 Bf6 17. Qg3 Bg7 18. Kh1 f6 19. Ng4 Nxg4 20. Qxg4 Rg8 21. Qh4 g5 22.
Qg4 Qf8 23. Qe2 g4 24. Qe3 gxh3 25. Qxh3 Qf7 26. Ne2 Bf8 27. Nf4 Rg5 28. Qh4
Kg8 29. Nh3 Rh5 30. Qg3+ Kh8 31. Rf3 Bh6 32. Ra3 a6 33. b3 cxb3 34. Rxb3 Rb4
35. Rxb4 cxb4 36. a3 Bxc1 37. Rxc1 bxa3 38. Qxa3 Qe8 39. Rb1 Qd8 40. Rb8 Qc7
41. Qb3 Rh4 42. Rb4 Rg4 43. Rc4 Qd8 44. Qb8 Rg8 45. Rc7 Qf8 46. Qa7 Qg7 47. Qf2
Rd8 48. c4 Bd7 49. Ra7 Bc8 50. c5 dxc5 51. Qxc5 Rg8 52. Qf2 Qf8 53. Nf4 Qh6+
54. Kg1 Rg4 55. g3 Qf8 56. d6 Qg8 57. d7 Rxg3+ 58. Kh2 Rc3 59. Ra8 a5 60. Ne6
1-0

[Event "Monarch Assurance Isle of Man 12th"]
[Site "Port Erin IOM"]
[Date "2003.09.29"]
[Round "3.39"]
[White "Grunberg, Mihai"]
[Black "Bentley, John"]
[Result "1-0"]
[WhiteElo "2406"]
[BlackElo "2211"]
[PlyCount "71"]
[EventDate "2003.09.27"]
[EventType "swiss"]
[EventRounds "9"]
[EventCountry "IOM"]
[SourceTitle "BritBase"]
[SourceDate "2008.07.14"]
[SourceVersion "1"]
[SourceVersionDate "2008.07.14"]
[SourceQuality "2"]

1. Nf3 Nf6 2. c4 g6 3. Nc3 Bg7 4. e4 d6 5. d4 O-O 6. h3 c5 7. d5 e6 8. Bd3 Na6
9. O-O Re8 10. Bg5 Nc7 11. Qd2 exd5 12. exd5 Qd7 13. Rfe1 Rxe1+ 14. Rxe1 b5 15.
cxb5 Bb7 16. Bc4 Re8 17. Rxe8+ Ncxe8 18. a4 Nc7 19. a5 Qf5 20. Bf4 Nfe8 21. Qe3
Kf8 22. Bg5 Nf6 23. Bf4 Nfe8 24. b6 axb6 25. axb6 Nxd5 26. Nxd5 Bxd5 27. Bb5
Qe6 28. Qa3 Qe4 29. Bxe8 Kxe8 30. Bxd6 Bd4 31. Bxc5 Bf6 32. b4 Bb7 33. Qa4+ Bc6
34. Qa7 g5 35. Qb8+ Kd7 36. Qd6+ 1-0

[Event "Monarch Assurance Isle of Man 12th"]
[Site "Port Erin IOM"]
[Date "2003.09.29"]
[Round "3.40"]
[White "Cioara, Andrei N"]
[Black "Lutton, E Josiah"]
[Result "1-0"]
[WhiteElo "2394"]
[BlackElo "2031"]
[PlyCount "67"]
[EventDate "2003.09.27"]
[EventType "swiss"]
[EventRounds "9"]
[EventCountry "IOM"]
[SourceTitle "BritBase"]
[SourceDate "2008.07.14"]
[SourceVersion "1"]
[SourceVersionDate "2008.07.14"]
[SourceQuality "2"]

1. e4 e6 2. d4 d5 3. Nd2 Nf6 4. e5 Nfd7 5. f4 c5 6. c3 Nc6 7. Ndf3 Qb6 8. Ne2
f6 9. g3 Be7 10. Bh3 Nf8 11. O-O Ng6 12. Kh1 O-O 13. Rb1 Bd7 14. exf6 Bxf6 15.
Ne5 Ncxe5 16. dxe5 Be7 17. Be3 Rad8 18. b4 d4 19. bxc5 Qxc5 20. Nxd4 Qxc3 21.
Qe1 Qc7 22. Kg1 Qc4 23. Rxb7 Bc8 24. Qf2 Rxd4 25. Rxe7 Nxe7 26. Bxd4 a6 27. Bc5
Rf7 28. Qd4 Qxd4+ 29. Bxd4 Nc6 30. Rc1 Bd7 31. Bc3 Kf8 32. Rd1 Ke7 33. Rd6 Rf8
34. Rxc6 1-0

[Event "Monarch Assurance Isle of Man 12th"]
[Site "Port Erin IOM"]
[Date "2003.09.29"]
[Round "3.41"]
[White "Brekke, Jorunn M"]
[Black "Mannion, Stephen"]
[Result "0-1"]
[WhiteElo "1527"]
[BlackElo "2339"]
[PlyCount "68"]
[EventDate "2003.09.27"]
[EventType "swiss"]
[EventRounds "9"]
[EventCountry "IOM"]
[SourceTitle "BritBase"]
[SourceDate "2008.07.14"]
[SourceVersion "1"]
[SourceVersionDate "2008.07.14"]
[SourceQuality "2"]

1. d4 d5 2. c4 dxc4 3. e3 Nf6 4. Bxc4 e6 5. Nf3 a6 6. a4 b6 7. O-O Nbd7 8. b3
Bb7 9. Ba3 Bxa3 10. Nxa3 Qe7 11. Qe2 O-O 12. Nd2 c5 13. dxc5 Nxc5 14. Nc2 Rfd8
15. Rfd1 e5 16. b4 Ne6 17. Bxe6 Qxe6 18. a5 Rac8 19. Ne1 Nd5 20. Ndf3 b5 21.
Qb2 {(=)} f6 22. Rac1 Qg4 23. Nc2 Rd7 24. h3 Qe4 25. Nd2 Qg6 26. Ne1 Rcd8 27.
Qb3 Kh8 28. Nef3 h5 29. Qb2 Nxe3 30. Nh4 Qg5 31. Ndf3 Rxd1+ 32. Rxd1 Rxd1+ 33.
Kh2 Nf1+ 34. Kg1 Ng3+ 0-1

[Event "Monarch Assurance Isle of Man 12th"]
[Site "Port Erin IOM"]
[Date "2003.09.29"]
[Round "3.42"]
[White "Kovachev, Daniel"]
[Black "Spanton, Tim"]
[Result "0-1"]
[WhiteElo "2066"]
[BlackElo "2021"]
[PlyCount "104"]
[EventDate "2003.09.27"]
[EventType "swiss"]
[EventRounds "9"]
[EventCountry "IOM"]
[SourceTitle "BritBase"]
[SourceDate "2008.07.14"]
[SourceVersion "1"]
[SourceVersionDate "2008.07.14"]
[SourceQuality "2"]

1. e4 c5 2. Nc3 Nc6 3. f4 g6 4. Nf3 Bg7 5. a3 e6 6. b4 d6 7. bxc5 dxc5 8. e5 f6
9. Bb5 fxe5 10. fxe5 Nge7 11. O-O O-O 12. Re1 Nxe5 13. Nxe5 Qd4+ 14. Kh1 Bxe5
15. Qe2 Bg7 16. Rf1 Rxf1+ 17. Qxf1 Bd7 18. Bxd7 Qxd7 19. Qc4 Rf8 20. Bb2 Qc6
21. Rf1 Rxf1+ 22. Qxf1 Nd5 23. Nxd5 exd5 24. Bxg7 Kxg7 25. Qe2 Qf6 26. h3 b6
27. Qe8 Qd6 28. d3 a6 29. a4 {(=)} d4 30. Kg1 Kh6 31. Kh1 Kg5 32. Kg1 Kh6 33.
Kh1 {(=)} Qf6 34. Kg1 Qf4 35. Kh1 b5 36. axb5 axb5 37. Qxb5 Qc1+ 38. Kh2 Qxc2
39. Kg3 Qc1 40. Kf2 Kg5 41. Qa6 Qd2+ 42. Kf1 Qe3 43. Qc4 {(=)} Kh4 44. Qxc5
Qxd3+ 45. Kg1 Qe3+ 46. Kh2 Qf4+ 47. Kg1 Kg3 48. Qc2 Qe3+ 49. Kf1 d3 50. Qc7+
Qf4+ 51. Qxf4+ Kxf4 52. Kf2 Ke4 0-1

[Event "Monarch Assurance Isle of Man 12th"]
[Site "Port Erin IOM"]
[Date "2003.09.29"]
[Round "3.43"]
[White "Moes, Waldemar"]
[Black "Murtagh, Dermot"]
[Result "1/2-1/2"]
[WhiteElo "2027"]
[BlackElo "1798"]
[PlyCount "93"]
[EventDate "2003.09.27"]
[EventType "swiss"]
[EventRounds "9"]
[EventCountry "IOM"]
[SourceTitle "BritBase"]
[SourceDate "2008.07.14"]
[SourceVersion "1"]
[SourceVersionDate "2008.07.14"]
[SourceQuality "2"]

1. e4 c5 2. Nf3 d6 3. d4 cxd4 4. Nxd4 Nf6 5. Nc3 g6 6. Be3 Bg7 7. f3 Nc6 8. Qd2
O-O 9. O-O-O Nxd4 10. Bxd4 Be6 11. Kb1 Qc7 12. g4 Rfc8 13. h4 Qa5 14. a3 Rab8
15. Bxf6 Bxf6 16. Nd5 Qxd2 17. Nxf6+ Kg7 18. Ne8+ Rxe8 19. Rxd2 b5 20. Be2 h6
21. b4 Rec8 22. Rhd1 a6 23. Kb2 Rc7 24. c3 Rbc8 25. Rc2 f5 26. exf5 gxf5 27.
Ra1 fxg4 28. fxg4 Bc4 29. a4 e5 30. axb5 axb5 31. Ra6 d5 32. Rb6 Bxe2 33. Rxe2
Rxc3 34. Rxb5 d4 35. Rbxe5 d3 36. Re7+ Kf8 37. Re8+ Kf7 38. R8e7+ Kf8 39. Re8+
Kf7 40. R2e7+ Kf6 41. Rxc8 Rxc8 42. Rd7 Rc4 43. g5+ Ke6 44. Rxd3 Rxb4+ 45. Rb3
Rxb3+ 46. Kxb3 hxg5 47. hxg5 1/2-1/2

[Event "Monarch Assurance Isle of Man 12th"]
[Site "Port Erin IOM"]
[Date "2003.09.29"]
[Round "3.44"]
[White "Young, Mel"]
[Black "Ormsby, Alan"]
[Result "1-0"]
[WhiteElo "2005"]
[BlackElo "1792"]
[PlyCount "61"]
[EventDate "2003.09.27"]
[EventType "swiss"]
[EventRounds "9"]
[EventCountry "IOM"]
[SourceTitle "BritBase"]
[SourceDate "2008.07.14"]
[SourceVersion "1"]
[SourceVersionDate "2008.07.14"]
[SourceQuality "2"]

1. e4 c6 2. d4 d5 3. exd5 cxd5 4. Bd3 Nc6 5. c3 Nf6 6. Bf4 Bg4 7. Qb3 Na5 8.
Qa4+ Bd7 9. Qc2 Qb6 10. Nd2 Bb5 11. Bxb5+ Qxb5 12. Ngf3 e6 13. a4 Qb6 14. O-O
Be7 15. b4 Nc6 16. Qd3 Qd8 17. b5 Na5 18. Ne5 O-O 19. Qh3 Rc8 20. Rfe1 Nc4 21.
Ndf3 Nxe5 22. Nxe5 Ne4 23. Re3 Bf6 24. Rae1 Bxe5 25. dxe5 Rc4 26. Qh5 h6 27.
Qh3 Nxf2 28. Qg3 Ne4 29. Qg4 Nxc3 30. Rxc3 Rxf4 31. Qxf4 1-0